Bones: (Record no. 7245)

MARC details
000 -LEADER
fixed length control field 00890nam a22002417a 4500
001 - CONTROL NUMBER
control field 7245
003 - CONTROL NUMBER IDENTIFIER
control field FISKH
005 - DATE AND TIME OF LATEST TRANSACTION
control field 20250704083817.0
008 - FIXED-LENGTH DATA ELEMENTS--GENERAL INFORMATION
fixed length control field 250704b cb ||||| |||| 00| 0 eng d
020 ## - INTERNATIONAL STANDARD BOOK NUMBER
International Standard Book Number 9780545046527
040 ## - CATALOGING SOURCE
Original cataloging agency FISKH
Language of cataloging eng
Transcribing agency FISKH
Modifying agency FISKH
050 ## - LIBRARY OF CONGRESS CALL NUMBER
Classification number QL821 .J46
082 ## - DEWEY DECIMAL CLASSIFICATION NUMBER
Classification number 573.7
100 ## - MAIN ENTRY--PERSONAL NAME
Personal name Jenkins, Steve
245 ## - TITLE STATEMENT
Title Bones:
Remainder of title Skeletons and how they work /
Statement of responsibility, etc. Steve Jenkins
250 ## - EDITION STATEMENT
Edition statement First Scholastic paperback printing, October 2011
260 ## - PUBLICATION, DISTRIBUTION, ETC.
Place of publication, distribution, etc. New York :
Name of publisher, distributor, etc. Scholastic,
Date of publication, distribution, etc. 2010
300 ## - PHYSICAL DESCRIPTION
Extent 42 unnumbered pages :
Other physical details color illustrations ;
Dimensions 28 cm
520 ## - SUMMARY, ETC.
Summary, etc. A guide to human and animal skeletons provides informative comparisons while sharing such facts as the number of bones in the human body and the ways that skeletal structures work.
650 ## - SUBJECT ADDED ENTRY--TOPICAL TERM
Topical term or geographic name entry element Anatomy
Form subdivision Human body
General subdivision Animal Bones
Chronological subdivision Animals Biology
942 ## - ADDED ENTRY ELEMENTS (KOHA)
Source of classification or shelving scheme Dewey Decimal Classification
Koha item type Books
Suppress in OPAC No
Holdings
Withdrawn status Lost status Source of classification or shelving scheme Damaged status Not for loan Collection Home library Current library Shelving location Date acquired Total Checkouts Full call number Barcode Date last seen Copy number Price effective from Koha item type
    Dewey Decimal Classification     Non-Fiction Footprints International School Library Network Toul Kork Campus Footprints International School Library Network Toul Kork Campus A TK Campus, 4th Floor, Room B401, Non-Fiction Bookcases(7-8) 07/04/2025   JEN 573.7 QL821 .J46 FISTK05555 07/04/2025 1 07/04/2025 Books